| 000 | 00541nam a22001577a 4500 | ||
|---|---|---|---|
| 008 | 230331b |||||||| |||| 00| 0 eng d | ||
| 040 |
_aNational Science Library _cNational Science Library |
||
| 080 |
_aD 778.14:619(063) _bK4 |
||
| 245 |
_aProceedings of the thirteenth annual meeting and convention _c/ The National Microfilm Association |
||
| 260 |
_aMaryland: _bThe National Microfilm Association, _c1964 |
||
| 300 | _a358p. | ||
| 650 | _aInformation science | ||
| 653 | _aMeeting | ||
| 700 | _aTate, Vernon D (Ed.) | ||
| 942 |
_2udc _cPR |
||
| 999 |
_c17409 _d17409 |
||